000 00676nam a2200217Ii 4500
003 JO-AjNU
008 230605s9999||||xx |||||||||||||| ||und||
017 _a1990/5190
020 _a977-10-0390-9
040 _aJO-AjNU
_bara
_erda
_cJO-AjNU
041 _aara
050 1 4 _aPJ6131 1990
100 3 _aعبد العزيز،محمد حسن,
_eauthor
_920484
245 0 0 _aالنّحت في اللغة العربية
264 3 1 _aد.م: دار الفكر العربي، 1990
300 _a97ص
336 _atext
_btxt
_2rdacontent
337 _aunmediated
_bn
_2rdamedia
338 _avolume
_bnc
_2rdacarrier
650 4 _aاللغة العربية-الإشتقاق
_920485
999 _aA6950
_c10518
_d10518